| 000 | 00000nam##2200000za#4500 |
| 001 | 9.581359 |
| 003 | CaOODSP |
| 005 | 20210624191458 |
| 007 | cr ||||||||||| |
| 008 | 150406|2014||||xxc|||||o f|0| 0 eng|d |
| 022 | |a1919-5044 |
| 040 | |aCaOODSP|beng |
| 043 | |an-cn--- |
| 086 | 1 |aFs70-5/2014-084E-PDF |
| 110 | 1 |aCanada. |bDepartment of Fisheries and Oceans. |
| 245 | 14|aThe 2013 assessment of the snow crab (Chionoecetes opilio) stock in the southern Gulf of St. Lawrence (areas 12, 19, 12E and 12F) / |h[electronic resource]|c[by] M. Hébert, E. Wade, P. DeGrâce, J.-F. Landry, and M. Moriyasu. |
| 260 | |aMoncton - New Brunswick : |bFisheries and Oceans Canada |cDecember 2014. |
| 300 | |a50p.|bcoloured figs., references, tables |
| 490 | 1 |aCanadian Science Advisory Secretariat research document|x1919-5044|v2014/084, Gulf Region |
| 546 | |aText in English, abstracts in both languages. |
| 590 | |a15-01|b2015-01-02 |
| 775 | 08|tÉvaluation du stock de crabe des neiges (Chionoecetes opilio) dans le sud du golfe du Saint-Laurent (zones 12, 19, 12E et 12F) en 2013 / |w(CaOODSP)9.608168 |
| 830 | #0|aResearch document (Canadian Science Advisory Secretariat)|x1919-5044|v2014/084, Gulf Region|w(CaOODSP)9.507396 |
| 856 | 40|ahttp://publications.gc.ca|qPDF|s2.29 MB|uhttps://publications.gc.ca/collections/collection_2014/mpo-dfo/Fs70-5-2014-084-eng.pdf|y2014/084, Gulf Region |